Roman Reigns: Every Universal Title Defense - Statistics

General Stats
  • This quiz has been taken 219 times
  • The average score is 20 of 24
Answer Stats
Date PPV / Show Challenger(s) % Correct
October 21, 2021 Crown Jewel Brock Lesnar
96%
April 3, 2022 WrestleMania 38 Brock Lesnar
96%
July 30, 2022 Summerslam Brock Lesnar
96%
September 3, 2022 Clash at the Castle Drew McIntyre
94%
September 27, 2020 Clash of Champions Jey Uso
93%
October 25, 2020 Hell in a Cell Jey Uso
93%
April 10 / 11, 2021 WrestleMania 37 Daniel Bryan and Edge
91%
July 18, 2021 Money in the Bank Edge
91%
January 29, 2022 Royal Rumble Seth Rollins
90%
August 21, 2021 SummerSlam John Cena
85%
February 21, 2021 Elimination Chamber Daniel Bryan
84%
March 21, 2021 Fastlane Daniel Bryan
84%
April 30, 2021 Smackdown Daniel Bryan
84%
December 20, 2020 TLC Kevin Owens
81%
December 25, 2020 Smackdown Kevin Owens
81%
January 31, 2021 Royal Rumble Kevin Owens
81%
September 3, 2021 Smackdown Finn Balor
79%
September 26, 2021 Extreme Rules The Demon Finn Balor
79%
February 19, 2022 Elimination Chamber Goldberg
74%
June 18, 2021 Hell in a Cell Rey Mysterio
74%
October 16, 2020 Smackdown Braun Strowman
65%
May 16, 2021 WrestleMania Backlash Cesaro
64%
December 3, 2021 Smackdown Sami Zayn
63%
June 17, 2022 Smackdown Matt Riddle
62%
No matching quizzes found
Score Distribution
Percent of People with Each Score
Percentile by Number Answered
Your Score History
You have not taken this quiz